000
00214nam a22000857a 4500
008
161129b xxu||||| |||| 00| 0 eng d
100
_9
1577
_a
Keller.H.
245
_a
The Story of My Life
260
_a
New Delhi
_b
Goyal
_c
2012
999
_c
4306
_d
4306